Development of high power microwave compressors; Pulsed Power & Plasma Science (PPPS)
| Источник: | Pulsed Power & Plasma Science (PPPS).— 2007.— [P. 1822-1825] |
|---|---|
| Другие авторы: | , , , , |
| Примечания: | Title screen Parameters of high power microwave compressors having a single storage cavity are presented for different frequency bands. Their resonant cavities operated with electrical field strength values close to critical ones which allowed par ex. to reach the output pulse power about 2 MW in Q- band and about 200 MW in S-band. Ways to go beyond these power values were considered. They were using asymmetrical TE-mode in a circular cavities, energy extraction through a multiport output element, the waveguide hybrid in this report, and series compression with resonant transfer of the energy stored in the first stage cavity Режим доступа: по договору с организацией-держателем ресурса |
| Язык: | английский |
| Опубликовано: |
2007
|
| Предметы: | |
| Online-ссылка: | http://dx.doi.org/10.1109/PPPS.2007.4652545 |
| Формат: | Электронный ресурс Статья |
| Запись в KOHA: | https://koha.lib.tpu.ru/cgi-bin/koha/opac-detail.pl?biblionumber=637271 |
MARC
| LEADER | 00000naa0a2200000 4500 | ||
|---|---|---|---|
| 001 | 637271 | ||
| 005 | 20250528085908.0 | ||
| 035 | |a (RuTPU)RU\TPU\network\1370 | ||
| 090 | |a 637271 | ||
| 100 | |a 20140617d2007 k||y0rusy50 ba | ||
| 101 | 0 | |a eng | |
| 102 | |a RU | ||
| 135 | |a drnn ---uucaa | ||
| 181 | 0 | |a i | |
| 182 | 0 | |a b | |
| 200 | 1 | |a Development of high power microwave compressors |f S. A. Novikov [et al.] | |
| 203 | |a Text |c electronic | ||
| 300 | |a Title screen | ||
| 320 | |a [References: р. 1825 (4 tit.)] | ||
| 330 | |a Parameters of high power microwave compressors having a single storage cavity are presented for different frequency bands. Their resonant cavities operated with electrical field strength values close to critical ones which allowed par ex. to reach the output pulse power about 2 MW in Q- band and about 200 MW in S-band. Ways to go beyond these power values were considered. They were using asymmetrical TE-mode in a circular cavities, energy extraction through a multiport output element, the waveguide hybrid in this report, and series compression with resonant transfer of the energy stored in the first stage cavity | ||
| 333 | |a Режим доступа: по договору с организацией-держателем ресурса | ||
| 463 | |t Pulsed Power & Plasma Science (PPPS) |o The 16th IEEE International Pulsed Power Conference and the 34th IEEE International Conference on Plasma Science, June 17-22, 2007, Albuquerque, New Mexico, USA |v [P. 1822-1825] |d 2007 | ||
| 610 | 1 | |a электронный ресурс | |
| 610 | 1 | |a труды учёных ТПУ | |
| 701 | 1 | |a Novikov |b S. A. |c specialist in electrical engineering |c Professor of Tomsk Polytechnic University, doctor of physical and mathematical sciences |f 1949- |g Sergey Avtonomovich |3 (RuTPU)RU\TPU\pers\32424 |9 16373 | |
| 701 | 1 | |a Yushkov |b Y. G. |c electrophysicist |c Professor of Tomsk Polytechnic University, Doctor of technical sciences |f 1937- |g Yuri Georgievich |3 (RuTPU)RU\TPU\pers\25936 |9 11786 | |
| 701 | 1 | |a Artemenko |b S. N. |c physicist |c Leading researcher of Tomsk Polytechnic University, Doctor of physical and mathematical science |f 1951- |g Sergey Nikolaevich |3 (RuTPU)RU\TPU\pers\31801 |9 15912 | |
| 701 | 1 | |a Chumerin |b P. | |
| 701 | 1 | |a Shpuntov |b R. | |
| 801 | 2 | |a RU |b 63413507 |c 20160407 |g RCR | |
| 850 | |a 63413507 | ||
| 856 | 4 | |u http://dx.doi.org/10.1109/PPPS.2007.4652545 | |
| 942 | |c CF | ||